000 00425nam a22001337a 4500
005 20240813100510.0
008 240813b |||||||| |||| 00| 0 eng d
082 _a332.1095
_bPRI
245 _aPrivatisation and Financial Deregulation in Pakistan/
_cThe Institute of Bankers in Pakistan
260 _aKarachi, Pakistan;
_bThe Institute of Bankers in Pakistan
_c1993
300 _a122 p.:
_c21.5 cm.
999 _c36391
_d36391